书目信息 |
| 题名: |
电子器件
|
|
| 作者: | 长春邮电学院长途电信教研组 编 | |
| 分册: | ||
| 出版信息: | 北京 人民邮电出版社 1962 |
|
| 页数: | 216页 | |
| 开本: | 20cm | |
| 丛书名: | ||
| 单 册: | ||
| 中图分类: | TN11 | |
| 科图分类: | ||
| 主题词: | 电子管 | |
| 电子资源: | ||
| ISBN: | ||
| 000 | 00657nam0 2200205 450 | |
| 001 | 0740604078 | |
| 005 | 20070918111754.73 | |
| 010 | @dCNY0.86 | |
| 100 | @a20070918d1962 km y0chiy0120 ea | |
| 101 | 0 | @achi |
| 102 | @aCN@b110000 | |
| 102 | @aCN@b110000 | |
| 200 | 1 | @a电子器件@Adian zi qi jian@f长春邮电学院长途电信教研组编@Fchang chun you dian xue yuan zhang tu dian xin jiao yan zu bian |
| 210 | @a北京@c人民邮电出版社@d1962 | |
| 215 | @a216页@d20cm | |
| 606 | 0 | @a电子管 |
| 690 | @aTN11@v3 | |
| 701 | 0 | @a长春邮电学院长途电信教研组@Achang chun you dian xue yuan zhang tu dian xin jiao yan zu@4编 |
| 801 | 0 | @aCN@bPFT@c20070918 |
| 905 | @a10447@dTN11@e8 | |
| 电子器件/长春邮电学院长途电信教研组编.-北京:人民邮电出版社,1962 |
| 216页;20cm |
| ISBN :CNY0.86 |
| ● |
| 相关链接 |
|
|
|
|
正题名:电子器件
索取号:TN11/8
 
预约/预借
| 序号 | 登录号 | 条形码 | 馆藏地/架位号 | 状态 | 备注 |
| 1 | 0015866 | 202164521 | 第三借阅区/ [索取号:TN11/8] | 在馆 |